Wunderbare reise des kleinen Nils Holgersson / (Record no. 88107)

MARC details
000 -LEADER
campo de control de longitud fija 00592nam a2200169 i 4500
001 - NÚMERO DE CONTROL
campo de control 88107
003 - IDENTIFICADOR DE NÚMERO DE CONTROL
campo de control ES-MaACL
005 - FECHA Y HORA DE LA ÚLTIMA TRANSACCIÓN
campo de control 20230906175814.0
007 - CAMPO FIJO DE DESCRIPCIÓN FÍSICA--INFORMACIÓN GENERAL
campo de control de longitud fija t|
008 - DATOS DE LONGITUD FIJA--INFORMACIÓN GENERAL
campo de control de longitud fija 050103s1909 ddr ||||1| ger d
100 1# - ENTRADA PRINCIPAL--NOMBRE DE PERSONA
Nombre de persona Lagerlöf, Selma.
9 (RLIN) 69571
245 10 - MENCIÓN DEL TÍTULO
Título Wunderbare reise des kleinen Nils Holgersson /
Mención de responsabilidad, etc. Selma Lagerloef ; einzige berechtigte übersetzung aus dem schwedischen von Pauline Klaiber.
260 ## - PUBLICACIÓN, DISTRIBUCIÓN, ETC.
Lugar de publicación, distribución, etc. München :
Nombre del editor, distribuidor, etc. Albert Langen,
Fecha de publicación, distribución, etc. 1909 (
Lugar de fabricación/manufactura Leipzig :
Fabricante Hesse und Becker)
300 ## - DESCRIPCIÓN FÍSICA
Extensión 276 p. ;
Dimensiones 19 cm.
700 1# - ENTRADA AGREGADA--NOMBRE PERSONAL
Nombre de persona Klaiber, Pauline.
9 (RLIN) 68173
852 ## - LOCALIZACIÓN
Ubicación ES-MaACL
Número de control de estantería C-4626
Sublocalización o colección R.24390
Holdings
Estatus retirado Estado de pérdida Estado de daño No para préstamo Biblioteca de origen Biblioteca actual Ubicación en estantería Fecha de adquisición Fuente de adquisición Total de préstamos Signatura topográfica completa Código de barras Visto por última vez Precio de reemplazo Tipo de ítem Koha
        Biblioteca del Ateneo de Madrid Biblioteca del Ateneo de Madrid Sala Palomar 17/01/2008     C-4626 1092039 23/02/2023 23/02/2023 Libro impreso